Porqué los pastores adúlteros no debieran ser restaurados (Registro nro. 58653)
[ vista simple ]
| 000 -LÍDER | |
|---|---|
| Campo fijo de descripción fija | 00987aab a2200217 i 4500 |
| 001 - NÚMERO DE CONTROL | |
| Campo de control | 768714001 |
| 003 - IDENTIFICADOR DEL NÚMERO DE CONTROL | |
| Campo de control | CO-MdFUSB |
| 005 - FECHA Y HORA DE LA ULTIMA TRANSACCIÓN | |
| control field | 20250718141735.0 |
| 008 - ELEMENTOS DE LONGITUD FIJA -- INFORMACIÓN GENERAL | |
| Campo fijo de descripción fija -- Información general | 170517s1997 cr ||||| |||| 00| 0 spa d |
| 040 ## - FUENTE DE CATALOGACIÓN | |
| Agencia Catalogadora | CO-MdFUSB |
| Idioma de catalogación | spa |
| Agencia que realiza la transcripción | CO-MdFUSB |
| Agencia que realiza la modificación | CO-MdFUSB |
| 041 ## - CÓDIGO DE IDIOMA | |
| Código de idioma para texto/pista de sonido o título separado | spa |
| 100 1# - ASIENTO PRINCIPAL--NOMBRE PERSONAL | |
| Nombre personal | Hughes, R. Kent- |
| Término relacionador | autor |
| 245 ## - TÍTULO | |
| Título | Porqué los pastores adúlteros no debieran ser restaurados |
| Mención de responsabilidad | / R. Kent Hughes , John H. Armstrong |
| 300 ## - DESCRIPCIÓN FÍSICA | |
| Extensión | Volumen 14, número 4 (julio - septiembre, 1997), páginas: 28 - 32 |
| Dimensiones | ; 27 cm |
| 520 ## - NOTA DE RESUMEN, ETC. | |
| Nota de sumario, etc. | "Perdonar a un pastor que ha caído y restaurarlo a la membresía de la iglesia es muy distinto que restaurarlo a su cargo de pastor" <br/><br/>"El adulterio pastoral hace que el pastor quede descalificado" |
| 650 #0 - ASIENTO SECUNDARIO DE MATERIA - TERMINO TEMÁTICO | |
| 9 (RLIN) | 228 |
| Término temático o nombre geográfico como elemento de entrada | Consejería pastoral |
| 700 ## - ENTR. SECUNDARIA - Nombre Personal (R) | |
| Nombre de persona | Armstrong, John H., |
| Término indicativo de función | autor |
| 773 0# - ASIENTO DE ITEM FUENTE | |
| Título | Apuntes Pastorales |
| Biblionumber | 49442 |
| Itemnumber | 60172 |
| Parte(s) relacionada(s) / Volumen., número. (mes año), páginas | Volumen 14, número 4 (julio - septiembre, 1997), páginas: 28 - 32 |
| Enumeración y primera página | página: 28 |
| 942 ## - TIPO DE MATERIAL (KOHA) | |
| Tipo de Item KOHA | Artículos de Revista |
| 945 ## - INFORMACIÓN LOCAL DEL REGISTRO | |
| Catalogador | JTF-925 |
No hay ítems disponibles.
